| 000 | 00748cab a2200217 4500 | ||
|---|---|---|---|
| 001 | ABS40241 | ||
| 008 | 090401t1989 xxu||||| |||| 00| 0 eng d | ||
| 035 | _a(Sirsi) u22456 | ||
| 041 | _aeng | ||
| 100 | _aRobertson, A.M. | ||
| 245 | _aHousing of horses | ||
| 260 | _c1989 | ||
| 350 | _a0 | ||
| 490 |
_aFarm Building Progress _v(95) January 1989, 7-11(5) |
||
| 520 | _aAs farmers discover alternative enterprises as a source of income, this article outlines the stabling of horses . Looks at requirements for environmental control, space, loose boxes , feeding and watering, lighting and the structure of the actual building. | ||
| 650 | _aDESIGN | ||
| 650 | _aSTABLES | ||
| 690 | _aRURAL PRACTICE | ||
| 942 | _n0 | ||
| 948 | _c04/03/1997 | ||
| 999 |
_c15045 _d15045 |
||